| 000 | 01368cam a22003735a 4500 | ||
|---|---|---|---|
| 001 | 14016173 | ||
| 003 | EG-ScBUE | ||
| 005 | 20230524094958.0 | ||
| 008 | 050624s2004 cc ab f 000 0 mul d | ||
| 020 | _a7801638786 | ||
| 020 | _a9787801638786 | ||
| 035 | _a(CStRLIN)DCLP05-B13372 | ||
| 040 |
_aDLC-R _beng _erda _cDLC-R _dDLC-R _dDLC _dEG-ScBUE |
||
| 041 | 0 |
_achi _aeng |
|
| 043 | _aa-cc--- | ||
| 082 | 0 | 4 |
_a712.50951 _bWOR _222 |
| 245 | 0 | 0 |
_a中国世界地质公园 = _bZhongguo shi jie di zhi gong yuan = The world geoparks of China / _cDepartment of geological environment, Ministry of land and resources, P.R.C. |
| 246 | 3 | 1 | _aWorld geoparks of China |
| 246 | 3 | 1 | _aZhongguo shi jie di zhi gong yuan |
| 250 | _aFirst edition. | ||
| 264 | 1 |
_aBeijing : _bz Hongguo Environmental Science Press, _c2004. |
|
| 300 |
_a141 pages : _bcolor illustrations, maps (color) ; _c30 cm |
||
| 336 |
_2rdacontent _atext _btxt |
||
| 337 |
_2rdamedia _aunmediated _bn |
||
| 338 |
_2rdacarrier _avolume _bnc |
||
| 546 | _aText in Chinese and English. | ||
| 650 | 7 |
_aGeoparks _zChina. _2BUEsh |
|
| 651 | _2BUEsh | ||
| 653 |
_bGGEN _cApril2018 |
||
| 655 |
_vReading book _934232 |
||
| 710 | 1 |
_aChina. _bMinistry of land and resources. _bDepartment of geological environment, _econtributor. |
|
| 942 |
_2ddc _cBB |
||
| 999 |
_c26541 _d26513 |
||